<?xml version="1.0" encoding="UTF-8"?>
<record
    xmlns:xsi="http://www.w3.org/2001/XMLSchema-instance"
    xsi:schemaLocation="http://www.loc.gov/MARC21/slim http://www.loc.gov/standards/marcxml/schema/MARC21slim.xsd"
    xmlns="http://www.loc.gov/MARC21/slim">

  <leader>02592nam a22002537a 4500</leader>
  <controlfield tag="005">20211009095424.0</controlfield>
  <controlfield tag="008">211009b           ||||| |||| 00| 0 eng d</controlfield>
  <datafield tag="020" ind1=" " ind2=" ">
    <subfield code="a">0316729819</subfield>
  </datafield>
  <datafield tag="040" ind1=" " ind2=" ">
    <subfield code="c">AL</subfield>
  </datafield>
  <datafield tag="041" ind1=" " ind2=" ">
    <subfield code="a">eng</subfield>
  </datafield>
  <datafield tag="082" ind1=" " ind2=" ">
    <subfield code="2">23</subfield>
    <subfield code="a">954.053</subfield>
    <subfield code="b">LUCI</subfield>
  </datafield>
  <datafield tag="100" ind1=" " ind2=" ">
    <subfield code="a">Edward Luce</subfield>
    <subfield code="9">1026</subfield>
  </datafield>
  <datafield tag="245" ind1=" " ind2=" ">
    <subfield code="a">In Spite of the Gods: The Strange Rise of Modern India</subfield>
  </datafield>
  <datafield tag="260" ind1=" " ind2=" ">
    <subfield code="a">Great Britain</subfield>
    <subfield code="b">Littele Brown</subfield>
    <subfield code="c">2006</subfield>
  </datafield>
  <datafield tag="300" ind1=" " ind2=" ">
    <subfield code="a">x,388 p.</subfield>
    <subfield code="b">HB</subfield>
    <subfield code="c">24x16 cm.</subfield>
  </datafield>
  <datafield tag="365" ind1=" " ind2=" ">
    <subfield code="b">20.00</subfield>
    <subfield code="c">&#xA3;</subfield>
    <subfield code="d">20</subfield>
  </datafield>
  <datafield tag="520" ind1=" " ind2=" ">
    <subfield code="a">India is booming, poised to become one of the world's three largest economies in the next generation and to overtake China as the world's most populous country in 2032. Yet the subcontinent's spectacular growth is taking place against the backdrop of a society that has yet fully to come to terms with liberal modernity. Emerging India continues to be beset by deep contradictions: it is a fully fledged nuclear weapons state with almost 40 per cent of the world's malnourished children; a growing economic powerhouse with and enduring anti-materialist philosophy; it plays host t some of the world's most cutting-edge research and development, and yet is home to one of the most intolerant religious chauvinist movements in the world. In this groundbreaking book, which is scholarly and entertaining in equal measure, Edward Luce draws on his extensive personal experience of India to present a compelling snapshot of a country undergoing a remarkable transformation that will increasingly affect the rest of the world. We meet the people who are forging this very distinctive rising power: politicians, industrialists, activists and ordinary Indians of every caste. Luce moves beyond the surface anarchy and apparent contradictions of today's India to present an incisive but sympathetic perspective on an increasingly nationalistic democracy that will gradually rival China?and possibly the United States on the global stage over the coming decades. For all its complexity and many-layered histories, one thing is certain: India's fate matters. 'In Spite of the Gods is not only fun to read, it is also a deeply insightful account of contemporary India. Based on the author's rare combination of intimacy and detachment, the book can serve, remarkably enough, both as a fine introduction for unacquainted outsiders and as a mature scrutiny that is bound to stimulate insiders' ? Professor Amartya</subfield>
  </datafield>
  <datafield tag="650" ind1=" " ind2=" ">
    <subfield code="a">Indian History</subfield>
    <subfield code="9">1028</subfield>
  </datafield>
  <datafield tag="650" ind1=" " ind2=" ">
    <subfield code="a">Economic History</subfield>
    <subfield code="9">1029</subfield>
  </datafield>
  <datafield tag="650" ind1=" " ind2=" ">
    <subfield code="a">Social Conditions</subfield>
    <subfield code="9">1030</subfield>
  </datafield>
  <datafield tag="650" ind1=" " ind2=" ">
    <subfield code="a">Civilization</subfield>
    <subfield code="9">1031</subfield>
  </datafield>
  <datafield tag="700" ind1=" " ind2=" ">
    <subfield code="a">LUCE (Edward)</subfield>
    <subfield code="9">1027</subfield>
  </datafield>
  <datafield tag="942" ind1=" " ind2=" ">
    <subfield code="2">ddc</subfield>
    <subfield code="c">GF</subfield>
  </datafield>
  <datafield tag="999" ind1=" " ind2=" ">
    <subfield code="c">216541</subfield>
    <subfield code="d">216541</subfield>
  </datafield>
  <datafield tag="952" ind1=" " ind2=" ">
    <subfield code="0">0</subfield>
    <subfield code="1">0</subfield>
    <subfield code="2">ddc</subfield>
    <subfield code="4">0</subfield>
    <subfield code="7">0</subfield>
    <subfield code="8">HIS</subfield>
    <subfield code="a">AL</subfield>
    <subfield code="b">AL</subfield>
    <subfield code="d">2021-03-24</subfield>
    <subfield code="g">20.00</subfield>
    <subfield code="l">1</subfield>
    <subfield code="o">954.053 LUCI</subfield>
    <subfield code="p">GF00961</subfield>
    <subfield code="r">2021-10-09 00:00:00</subfield>
    <subfield code="s">2021-10-09</subfield>
    <subfield code="v">2013.00</subfield>
    <subfield code="w">2021-10-09</subfield>
    <subfield code="y">GF</subfield>
  </datafield>
</record>
